000 01471cam a22003494i 4500
003 PE-LiUPU
005 20250731184104.0
008 150623s r 000 0 d
035 _a(Sirsi) a28284
040 _aPE-LiUPU
_bspa
_cPE-LiUPU
_erda
082 0 4 _a808.066 6
_bF66
_221
100 1 _aFlynn, Nancy,
_d1956-,
_eautor.
245 1 0 _aCorreo electrónico :
_bcómo escribir mensajes eficaces /
_cNancy Flynn.
264 1 _aBarcelona, España :
_bNuevos Emprendedores,
_c2001.
300 _a92 páginas ;
_c21 cm.
336 _atext
_2rdacontent
337 _aunmediated
_2rdamedia
338 _avolume
_2rdacarrier
505 0 _aAntes de que escriba su mensaje. Componer su mensaje. Las claves del e-mail efectivo. Eliminación de errores mecanográficos. El formato del documento. Organización y gestión de su correo electrónico.
526 _aP145
526 _aP127
526 _aP97
526 _aP14
526 _aP07
650 0 4 _aMensajes del correo electrónico.
650 0 4 _aSistemas del correo electrónico.
942 _2ddc
_cBOOK
949 _a808.066 6 F66
_wDEWEY
_c1
_i53510
_lCCODEBUL1
_mBUL
_p13.00
_r0
_sY
_tBOOK
_u2015-06-24
_xTEOLOGIA
_PP35
_0COMPRA
_o.STAFF. Colección General
596 _a1
999 _a808.066 6 F66
_wDEWEY
_c35515
_i53510
_f2021-11-11
_g5
_lCCODEBUL1
_mBUL
_p13.00
_r0
_sY
_tBOOK
_u2015-6-24
_xTEOLOGIA
_PP35
_0COMPRA
_o.STAFF. Colección General
_d35515
980 _81
_gALBERTO SANCHEZ Responsable de Automatización